LIBRARY & INFORMATION CENTRE, KCAET, TAVANUR

ONLINE PUBLIC ACCESS CATALOGUE (OPAC)

Advanced Engineering Mathematics (Record no. 14698)

MARC details
000 -LEADER
fixed length control field 00314nam a22001337a 4500
020 ## - INTERNATIONAL STANDARD BOOK NUMBER
ISBN 8178087995
082 ## - DEWEY DECIMAL CLASSIFICATION NUMBER
Classification number 519.062
Item number GRE/AD
100 ## - MAIN ENTRY--AUTHOR NAME
Personal name Greenberg,Michel D.
245 ## - TITLE STATEMENT
Title Advanced Engineering Mathematics
250 ## - EDITION STATEMENT
Edition statement 2 nd
260 ## - PUBLICATION, DISTRIBUTION, ETC. (IMPRINT)
Place of publication India
Name of publisher Pearson Education
Year of publication 2004
300 ## - PHYSICAL DESCRIPTION
Number of Pages 1324
942 ## - ADDED ENTRY ELEMENTS (KOHA)
Koha item type Book Bank scheme for SC students
Holdings
Withdrawn status Lost status Damaged status Collection code Home library Current library Shelving location Date acquired Source of acquisition Cost, normal purchase price Full call number Accession Number Koha item type
        KAUAET KAUAET Scheme 17/08/2016 Cosmo Books, Thrissur. 495.00 519.062.GRE/AD BB 1 Book Bank scheme for SC students
        KAUAET KAUAET Scheme 17/08/2016 Cosmo Books, Thrissur. 495.00 519.062.GRE/AD BB 2 Book Bank scheme for SC students
free website counter